England ka Sanvaidhanik Vikas (Record no. 206758)

MARC details
000 -LEADER
fixed length control field 00358nam a2200145Ia 4500
008 - FIXED-LENGTH DATA ELEMENTS--GENERAL INFORMATION
fixed length control field 230917s9999||||xx |||||||||||||| ||und||
040 ## - CATALOGING SOURCE
-- 145016
Original cataloging agency VIVEKANANDA LIBRARY
041 ## - Language
-- English
082 ## - DDC NUMBER
Classification number 942 A 15E
100 ## - MAIN ENTRY--PERSONAL NAME
Personal name Aggarwal, Reeta
245 #0 - TITLE STATEMENT
Title England ka Sanvaidhanik Vikas
260 ## - PUBLICATION, DISTRIBUTION, ETC. (IMPRINT)
Place of publication, distribution, etc Meerut
Name of publisher, distributor, etc Shishir Prakashan
Date of publication, distribution, etc 1979
300 ## - PHYSICAL DESCRIPTION
Pages 505p p.
942 ## - ADDED ENTRY ELEMENTS (KOHA)
Koha item type Books
Holdings
Withdrawn status Lost status Damaged status Not for loan Location (home branch) Sublocation or collection (holding branch) Date acquired Koha issues (times borrowed) Koha full call number Accession No. Koha date last seen Koha item type
        VIVEKANANDA LIBRARY VIVEKANANDA LIBRARY 12/03/2010   942 A 15E 68142 17/09/2023 Books
        VIVEKANANDA LIBRARY VIVEKANANDA LIBRARY 12/03/2010   942 A 15E 76897 17/09/2023 Books
        VIVEKANANDA LIBRARY VIVEKANANDA LIBRARY 12/03/2010   942 A 15E 76899 17/09/2023 Books
© Designed and Maintained by Vivekananda Library, MDU Rohtak